Países con 'C' - Estadísticas

Estadísticas generales
  • Esta prueba ha sido intentada 28 veces
    24 desde el último reinicio
  • La puntuación promedio es 10 de 18
Estadísticas de respuestas
País % Correcto
Colombia
94%
Canadá
76%
China
76%
Cuba
76%
Camboya
71%
Chile
65%
Corea del Norte
65%
Corea del Sur
65%
Costa Rica
59%
Camerún
53%
Croacia
53%
Catar
47%
Chad
47%
Chipre
47%
Costa de Marfil
35%
Cabo Verde
29%
Comores
18%
Ciudad del Vaticano
12%
No se encontraron pruebas coincidentes
Distribución de puntuación
Porcentaje de gente con cada puntuación
Porcentaje por número respondido
Historial de tus puntuaciones
No has intentado esta prueba desde el último reinicio